| 000 | 00481nam a2200205Ia 4500 | ||
|---|---|---|---|
| 003 | OSt | ||
| 005 | 20140312135530.0 | ||
| 008 | 140130s9999 xx 000 0 und d | ||
| 020 | _a0439689007 | ||
| 050 |
_aPZ 7 _b.F631 2004 |
||
| 100 | _aFlood, Walt | ||
| 245 |
_aThe tricky rabbit / _cWalt Flood. |
||
| 260 |
_bScholastic, _c2004. _aNew York : |
||
| 300 |
_a30 p. : _bill. ; _c18 cm. |
||
| 440 | _v1 | ||
| 521 | _aG3 | ||
| 526 | _c540 | ||
| 942 |
_cBK _2lcc |
||
| 999 |
_c40621 _d40621 |
||